[Event "AUT-ch Open 2020"]
[Site "Graz"]
[Date "2020.02.18"]
[Round "6.22"]
[White "Palac, Mladen"]
[Black "Soham Das"]
[Result "1-0"]
[WhiteElo "2536"]
[BlackElo "2536"]
[Annotator "TA"]
[PlyCount "59"]
[EventDate "2020.02.14"]
[EventType "swiss"]
[EventCountry "AUT"]
[SourceTitle "playchess.com"]
[Source "ChessBase"]
[SourceQuality "1"]

{[%evp 9,59,50,59,5,35,-4,25,33,25,30,40,51,45,36,85,67,61,9,52,53,28,23,20,0,20,8,22,8,28,16,25,19,79,85,79,78,122,113,225,223,217,213,507,511,509,496,968,963,940,940,987,970]} 1. d4 f5 2. Bg5 g6 3. e3 Bg7 4. Nc3 d6 5. Bc4 c6 {[#]} 6. f4 $146 {A80: Dutch Defence: Unusual White second moves.} (6. Bb3 $14) ({Predecessor:} 6. Bb3 d5 7. f3 Nh6 8. Nge2 Nf7 9. Bh4 Qc7 10. e4 e6 11. Bg3 Qd8 12. Qd3 {1-0 (34) Tyulenko,Y (2417)-Zlotkowski,A (2407) ICCF email 2017}) 6... d5 7. Bb3 Be6 8. e4 {White has an edge.} fxe4 {[#]} 9. Nxe4 $1 {[%mdl 512]} Nf6 (9... dxe4 10. Bxe6) 10. Nf2 Qd6 11. Nf3 h6 12. Bxf6 exf6 13. Qd3 (13. O-O $1 $14) 13... Bf5 14. Qe3+ Kd8 {Threatens to win with ...Re8.} 15. O-O-O g5 16. Rhe1 Nd7 17. g4 $36 {[%mdl 2048] Black is under pressure.} Bg6 18. Qd2 Kc7 ({But not} 18... gxf4 19. Nh4 $16) 19. c4 $1 dxc4 20. Bxc4 {With the idea f5.} Qxf4 (20... Nb6 $11 21. Bb3 Nd5) 21. Qxf4+ $16 gxf4 22. Nh3 $1 {[%cal Bf2h3,Bh3f4,Bf4h5][%mdl 32]} Rhe8 23. Nxf4 Nb6 (23... Nf8 $16) 24. Bb3 $1 $18 (24. Nxg6 Nxc4 25. Nf4 Bf8 $11) 24... Be4 {[#]} 25. Nd2 $1 {[%cal Rd2e4]} Nd5 $2 {[#]} (25... Bd5 {keeps fighting.} 26. Bxd5 Nxd5 27. Ne6+ Rxe6 28. Rxe6 Kd7) 26. Nh5 $1 {White is clearly winning.} ({Weaker is} 26. Rxe4 Rxe4 27. Nxe4 Nxf4 $14) ({And not} 26. Nxe4 Nxf4 27. Nc5 Rad8 $11) 26... Bg6 27. Nxg7 Nb4 (27... Rxe1 $142 28. Rxe1 Rg8 29. Ne6+ Kb8) 28. Nxe8+ Rxe8 29. Rxe8 Nd3+ 30. Kb1 {Accuracy: White = 87%, Black = 40%.} 1-0

[Event "AUT-ch Open 2020"]
[Site "Graz"]
[Date "2020.02.18"]
[Round "6.22"]
[White "Buonanno, Raffaele"]
[Black "Schernthaner, David"]
[Result "1-0"]
[WhiteElo "2151"]
[BlackElo "2262"]
[Annotator "TA"]
[PlyCount "85"]
[EventDate "2020.02.14"]
[EventType "swiss"]
[EventCountry "AUT"]
[SourceTitle "playchess.com"]
[Source "ChessBase"]
[SourceQuality "1"]

{[%evp 18,85,21,-36,17,8,50,28,35,34,54,46,49,48,56,57,65,58,75,64,73,65,105,68,69,81,144,142,123,127,141,130,169,153,237,238,253,242,283,277,302,293,423,425,395,354,502,492,577,393,463,487,471,465,452,355,1304,1273,1255,1247,1450,1120,1112,1053,29991,29990,29989,29990,29996,29996]} 1. d4 Nf6 2. c4 e6 3. g3 d5 4. Bg2 Be7 5. Nf3 O-O 6. O-O dxc4 7. Qc2 a6 8. a4 Bd7 9. Qxc4 Bc6 10. Nc3 ({Better is} 10. Bf4 $11) 10... a5 {E05: Open Catalan: 5 Nf3 Be7.} (10... b5 $1 $15 11. Qa2 b4) 11. Qd3 {[#]} Bxf3 $146 ({Predecessor:} 11... Na6 12. Bg5 Nb4 13. Qd2 Ne4 14. Nxe4 Bxe4 15. Rac1 c6 16. Bxe7 Qxe7 17. Ne5 Bxg2 18. Kxg2 {0-1 (32) Noroozi,O (2196)-Ghane Gardeh,S (2374) Mashad 2003}) 12. Bxf3 c6 {White has an edge.} 13. Rd1 Na6 14. e4 Nb4 15. Qe2 Re8 16. Be3 Bf8 17. h4 Rc8 18. Rac1 h6 19. Bg2 Re7 20. Rd2 Rd7 21. Rcd1 Qe8 {[#]} (21... Qe7 $142) 22. g4 $1 $16 Nh7 23. g5 hxg5 24. hxg5 f6 25. Qg4 {Strongly threatening g6.} Nxg5 (25... fxg5 $16 {was worth a try.} 26. d5 (26. Bxg5 Qg6 $14) 26... cxd5) 26. Bxg5 $18 fxg5 {[#]} 27. Bh3 $1 ({Less strong is} 27. Qxg5 Qe7 $16) 27... Rdc7 28. Qxe6+ Kh7 29. Qf5+ Kg8 (29... g6 $142 30. Qxa5 Rf7 31. Bxc8 (31. Qxg5 Bh6 $18) 31... Qxc8) 30. Qxg5 Rd8 31. f4 Rd6 (31... Qe7 $142 32. Qg3 Rd6) 32. Rg2 Nc2 33. Qxa5 ({Not} 33. Rxc2 Rg6 $11) 33... Ne3 34. Qxc7 Nxd1 35. Nxd1 Qxe4 36. Nf2 Qxf4 $2 {[#]} (36... Qe1+ 37. Kh2 Qe3 38. Qxb7 Qxf4+ 39. Kh1 Qc1+ 40. Rg1 Qe3) 37. Be6+ $1 {[%mdl 576] Pin} Kh7 (37... Rxe6 38. Qxf4) 38. Rh2+ Kg6 39. Qc8 {White threatens Qe8+ and mate.} Qc1+ {[#]} 40. Kg2 $1 {Qe8+ would kill now.} Kf6 41. Bg4 {White mates.} Ke7 42. Rh5 g6 43. Rh7+ {Accuracy: White = 90%, Black = 39%.} 1-0

[Event "AUT-ch Open 2020"]
[Site "Graz"]
[Date "2020.02.18"]
[Round "6.23"]
[White "Ongut, Tamas Gunes"]
[Black "Novikov, Stanislav"]
[Result "1/2-1/2"]
[WhiteElo "2302"]
[BlackElo "2531"]
[Annotator "TA"]
[PlyCount "79"]
[EventDate "2020.02.14"]
[EventType "swiss"]
[EventCountry "AUT"]
[SourceTitle "playchess.com"]
[Source "ChessBase"]
[SourceQuality "1"]

{[%evp 13,79,27,39,36,36,50,53,60,56,59,58,34,41,29,27,21,19,20,19,20,23,20,18,14,45,28,25,18,32,51,35,41,41,47,66,55,81,56,81,72,93,77,117,125,125,63,81,48,45,39,38,20,16,13,37,3,8,4,3,6,6,3,6,12,7,0,2,0]} 1. d4 Nf6 2. Nf3 g6 3. g3 Bg7 4. Bg2 O-O 5. O-O d6 6. c4 c6 7. Nc3 {[%cal Bb1c3,Bc3a4,Ba4c5][%mdl 32]} Qb6 {7...Bf5 is a critical line.} 8. c5 {E62: King's Indian: Fianchetto: 6...c6 and Panno Variation (6...Nc6) without ...a6.} dxc5 9. Na4 $1 {[%cal Ra4b6]} Qa5 10. Nxc5 {White is slightly better.} Nbd7 {[%cal Bb8d7,Bd7f8,Bf8e6][%mdl 32] [#]} 11. Nd3 $146 ({Predecessor:} 11. Bd2 Qd8 12. Nd3 Nb6 13. Qc1 Bg4 14. Nc5 Bxf3 15. Bxf3 Qxd4 16. Nxb7 Nfd5 17. Na5 {1-0 (60) Delchev,A (2571)-Kourkoulos Arditis,S (2436) Paleochora 2019}) 11... Rd8 12. b3 Nf8 13. Bb2 Bf5 14. Nfe5 Ne6 15. e3 Be4 16. Qe2 Bxg2 17. Kxg2 Qd5+ 18. Qf3 Qb5 19. Rac1 Ng5 20. Qe2 {And now Rc5 would win.} Qd5+ 21. f3 Ne6 $1 22. Ba3 Re8 23. Rfd1 $36 {[%mdl 2048] White is more active.} Qa5 24. Bb4 Qd8 25. Be1 Nd7 26. Nc4 a5 27. a4 Qc7 28. g4 b6 29. Bg3 ({Better is} 29. f4 $16) 29... Qb7 $14 30. Nce5 Rac8 31. Nxd7 Qxd7 32. Ne5 Bxe5 33. Bxe5 Qd5 34. Qc4 Red8 {The position is equal.} 35. Qxd5 cxd5 36. Kf2 f6 37. Bg3 Kf7 38. Ke2 Ke8 39. Kd2 Kd7 40. Ke2 {Accuracy: White = 89%, Black = 84%.} 1/2-1/2

[Event "AUT-ch Open 2020"]
[Site "Graz"]
[Date "2020.02.18"]
[Round "6.23"]
[White "Breneis, Lukas"]
[Black "Redzisz, Michal"]
[Result "1/2-1/2"]
[WhiteElo "2250"]
[BlackElo "2115"]
[Annotator "TA"]
[PlyCount "91"]
[EventDate "2020.02.14"]
[EventType "swiss"]
[EventCountry "AUT"]
[SourceTitle "playchess.com"]
[Source "ChessBase"]
[SourceQuality "1"]

{[%evp 20,91,13,8,0,13,0,-26,-21,-27,-20,-16,-19,-16,-15,-21,-34,-59,-42,-54,-53,-64,-60,-64,-63,-103,-77,-179,-140,-134,-116,-110,-141,-170,-146,-316,-313,-350,-314,-397,-375,-370,-365,-429,-446,-633,-505,-1048,-1039,-1046,-1037,-1022,-1022,-29974,-29975,-29975,-29976,-29976,-29977,-29977,-29978,-29978,-29979,-29977,-1510,-1461,-826,-640,0,-1317,0,0,0,0]} 1. e4 c6 2. d4 d5 3. Nc3 dxe4 4. Nxe4 Bf5 5. Ng3 Bg6 6. h4 h6 7. Nf3 Nd7 8. h5 Bh7 9. Bd3 Bxd3 10. Qxd3 e6 11. Bf4 Qa5+ {B19: Classical Caro-Kann: 4...Bf5 main line.} 12. Bd2 Bb4 13. Ne4 Ngf6 {Black has an edge.} 14. Nd6+ Ke7 {...Bxd2+ is the strong threat.} 15. Nc4 Bxd2+ 16. Nfxd2 Qc7 17. Qa3+ c5 {[#]} 18. Nf3 $146 ({Predecessor:} 18. O-O-O b5 19. dxc5 Qxc5 20. Qxc5+ Nxc5 21. Ne5 Rac8 22. g4 Rc7 23. Ndf3 Rhc8 24. Nd4 {0-1 (50) Dourerassou,J (2354)-Tkachiev,V (2642) Asnieres sur Seine 2006}) 18... b5 $36 {[%mdl 2048] Black has the initiative.} 19. Nce5 b4 20. Qa4 Nxe5 21. Nxe5 Rac8 22. O-O-O Rhd8 23. Rhe1 (23. f4 $17) 23... Rd5 24. f4 a5 25. dxc5 Rxc5 26. Rd2 Kf8 27. a3 $2 (27. Kb1 $17 {is a better defense.}) 27... Kg8 $19 28. Ree2 Nxh5 29. Rd7 Nxf4 30. Rxc7 Nxe2+ 31. Kd2 R8xc7 32. Qe8+ Kh7 33. Nxf7 (33. Nd7 $142 Rd5+ 34. Kxe2 Rdxd7 35. c4) 33... bxa3 34. bxa3 Rxc2+ 35. Kd1 Nf4 36. g3 Rc1+ 37. Kd2 R7c2+ 38. Ke3 Nd5+ 39. Kd3 Rc3+ 40. Kd2 R1c2+ 41. Kd1 Ne3+ (41... Rh2 $142 42. Qh8+ {[#]} Kg6 $1 {[%mdl 512]} 43. Ne5+ Kf5 44. Ng4 {[%mdl 64] Decoy} Kxg4 45. Qxg7+ Kf5 46. Qh7+ Ke5 $1 {[%mdl 512]} 47. Qh8+ Ke4 $1 {[%mdl 512]} 48. Qh7+ Kd4 $1 {[%mdl 512]} 49. Qa7+ Kc4 $1 {[%mdl 512]} 50. Qa6+ Kb3 $1 {[%mdl 512]} 51. Qb5+ Ka2 52. Qe2+ Rxe2 53. Kxe2 Kxa3 54. g4 a4 55. g5 hxg5 56. Kf2 Kb4 57. Kg2 a3 58. Kh2 a2 59. Kg2 a1=Q 60. Kh2 Qb2+ 61. Kh1 Rc1#) 42. Ke1 Ng2+ {[%mdl 64] Discovered Attack} 43. Kd1 Ne3+ 44. Ke1 Nd5 $2 {[#]} ({Better is} 44... Rc1+ $19 45. Ke2 Nf5 46. Qh8+ Kg6) 45. Ng5+ $1 {[%mdl 512]} hxg5 46. Qh5+ {[%mdl 64] Double Attack. Accuracy: White = 35%, Black = 81%.} 1/2-1/2

[Event "AUT-ch Open 2020"]
[Site "Graz"]
[Date "2020.02.18"]
[Round "6.24"]
[White "Stanec, Nikolaus"]
[Black "Li, Henry"]
[Result "0-1"]
[WhiteElo "2520"]
[BlackElo "2310"]
[Annotator "TA"]
[PlyCount "56"]
[EventDate "2020.02.14"]
[EventType "swiss"]
[EventCountry "AUT"]
[SourceTitle "playchess.com"]
[Source "ChessBase"]
[SourceQuality "1"]

{[%evp 28,56,-16,-14,-12,-10,-12,-8,-7,-18,0,-18,0,-15,0,-33,0,0,0,-1,0,0,0,0,0,0,0,0,0,0,0]} 1. c4 Nf6 2. Nc3 g6 3. g3 Bg7 4. Bg2 O-O 5. Nf3 d6 6. O-O Nc6 7. Rb1 a5 8. d3 e5 9. a3 Re8 10. Bg5 h6 11. Bxf6 Bxf6 12. b4 axb4 13. axb4 Bg7 14. b5 Ne7 15. Qc2 c6 {A26: English Opening vs King's Indian with ...Nc6 and d3.} 16. Nd2 Be6 17. bxc6 bxc6 18. Rb7 Bc8 19. Rb3 Be6 20. Rfb1 d5 21. Rb7 e4 22. dxe4 {The position is equal.} dxc4 23. Nd1 {[#]} c3 $146 ({Predecessor:} 23... Qd4 24. e3 Qd3 25. Qxd3 cxd3 26. f4 Ra2 27. Nb3 Bc8 28. Rb8 Rxg2+ 29. Kxg2 Bh3+ 30. Kxh3 Rxb8 31. Nf2 {½-½ (29) Kresz,L (2163)-Knap,J (2067) Chessfriend.com 2004}) 24. Nxc3 Ra3 25. Nb3 Qc8 26. Rb6 Qd8 27. Rb7 Qc8 28. Rb6 Qd8 {[%mdl 32768] Accuracy: White = 90%, Black = 93%. . Loss on time!?} 0-1

[Event "AUT-ch Open 2020"]
[Site "Graz"]
[Date "2020.02.18"]
[Round "6.25"]
[White "Zadruzny, Nicolaj"]
[Black "Lodici, Lorenzo"]
[Result "0-1"]
[WhiteElo "2492"]
[BlackElo "2492"]
[Annotator "TA"]
[PlyCount "56"]
[EventDate "2020.02.14"]
[EventType "swiss"]
[EventCountry "AUT"]
[SourceTitle "playchess.com"]
[Source "ChessBase"]
[SourceQuality "1"]

{[%evp 9,84,-20,-4,-6,-8,-47,-34,-55,-45,-55,-31,-32,-24,-52,-56,-44,-62,-72,-33,-96,-47,-40,-22,-37,-34,-41,-33,-56,-12,-129,-137,-136,54,-359,-354,-353,-356,-354,-363,-331,-235,-216,-207,-427,-449,-427,-402,-778,-164,-150,-144,-141,-132,-136,-134,-328,-29,-229,-225,-219,-222,-868,-983,-1382,-1011,-2766,-1023,-891,-554,-539,-514,-29979,-29980,-29990,-29991,-29996,-29997]} 1. Nf3 c5 2. e4 e6 3. Nc3 a6 4. d4 b5 {[%cal Bb7b5,Bb5b4][%mdl 32]} 5. a4 b4 6. Ne2 {B40: Sicilian: 2...e6, Unusual lines.} Bb7 7. Ng3 cxd4 8. Qxd4 {Black is slightly better.} Nc6 {[#]} 9. Qd2 $146 ({Predecessor:} 9. Qe3 Qc7 10. Bd3 Nf6 11. O-O d6 12. b3 Be7 13. Bb2 O-O 14. Rad1 Rad8 15. Qe2 {0-1 (37) Hirneise,T (2460)-Kazakovskiy,V (2434) Germany 2018}) 9... Qc7 10. Bd3 Nf6 11. Qe2 h5 12. Nf1 d5 13. N1d2 Bc5 (13... g5 $5 14. Nxg5 Nd4 $15 {[%mdl 64] Double Attack}) 14. h3 ({Better is} 14. exd5 $15 Nxd5 15. Nb3) 14... Ba7 15. exd5 Nxd5 16. Nc4 Nd4 17. Nxd4 Bxd4 18. O-O g5 19. Qe4 (19. Bxg5 $2 Rg8 $19) (19. Rd1 $11 Bf6 20. Be4) 19... Bf6 $17 20. f4 Rg8 $2 ({Much weaker is} 20... gxf4 $6 21. Bxf4 Nxf4 22. Qxf4 $11) (20... g4 $17 {And now ...gxh3 would win.} 21. h4 Rd8) 21. f5 $2 {[%mdl 8192] [#]} (21. fxg5 $14 {was forced to keep a grip.} Qc5+ 22. Kh2 (22. Kh1 Bxg5 23. Bxg5 Rxg5 $14) 22... Bxg5 23. Bxg5 Rxg5 24. g3) 21... O-O-O $1 $19 22. Qe2 g4 23. h4 Bd4+ ({Not} 23... Bxh4 24. fxe6 fxe6 25. Qxe6+ Kb8 26. Qe5 $15) 24. Kh1 Qe7 {[%cal Re7h4]} 25. f6 Bxf6 26. Bg5 $2 (26. Be4) 26... Bxg5 27. hxg5 Rxg5 {White must now prevent ...g3.} 28. Na5 (28. Ne5 $142 f6 29. Ng6) 28... g3 {Played: Nd5-f4} 0-1

[Event "AUT-ch Open 2020"]
[Site "Graz"]
[Date "2020.02.18"]
[Round "6.26"]
[White "Diermair, Andreas"]
[Black "Mis, Mieszko"]
[Result "1/2-1/2"]
[WhiteElo "2483"]
[BlackElo "2483"]
[Annotator "TA"]
[PlyCount "83"]
[EventDate "2020.02.14"]
[EventType "swiss"]
[EventCountry "AUT"]
[SourceTitle "playchess.com"]
[Source "ChessBase"]
[SourceQuality "1"]

{[%evp 9,83,10,14,14,20,21,13,6,37,38,36,38,88,85,83,77,116,91,172,183,168,174,173,180,178,148,214,220,226,238,260,256,256,246,264,191,198,190,198,95,100,93,122,116,87,67,67,67,67,30,29,29,150,0,0,0,0,0,131,0,0,0,0,0,0,-58,0,0,0,0,0,0,0,0,0,0]} 1. d4 Nf6 2. Nf3 e6 3. g3 d5 4. Bg2 b5 5. O-O Bb7 6. a4 {A46: 1 d4 Nf6 2 Nf3 e6: Torre, London and Colle Systems.} b4 7. c4 bxc3 8. Nxc3 Be7 9. Bf4 O-O 10. Qb3 Ba6 11. Nb5 $36 {[%mdl 2048] White is on the roll.} Ne8 {[#]} 12. Rfc1 $146 {[%cal Rf4c7]} ({Predecessor:} 12. Rac1 c6 13. Bxb8 cxb5 14. axb5 Bxb5 15. Qxb5 Rxb8 16. Qa6 Rxb2 17. Rc8 Rb6 18. Qxa7 Qxc8 19. Qxb6 Nd6 20. Ne5 Nc4 {½-½ (20) Gras,C (1962)-Lo Presti,R (2037) Buenos Aires 2018}) 12... c6 13. Nxa7 $1 {aiming for Bxb8.} Rxa7 (13... Nd6 $16 {was called for.}) 14. Qxb8 $18 Qxb8 15. Bxb8 Rb7 16. Bf4 Bxe2 17. Rxc6 Rxb2 (17... h6 $16 18. Ne5 g5) 18. a5 $1 Nf6 19. Rb6 $1 {[%cal Rb6b2]} Rb5 20. Rxb5 Bxb5 21. Rb1 Ba6 22. Ne5 Ra8 23. Nc6 Kf8 {[#]} 24. Bf1 (24. Rb8+ $1 $18 {and the rest is easy.} Rxb8 25. Nxb8) 24... Bxf1 $16 25. Kxf1 {Black must now prevent Rb8+.} Nd7 26. Rb7 Ke8 27. Bc7 Ra6 28. Bb6 {Strongly threatening Rxd7!} Bd6 29. Kg2 Nxb6 30. axb6 $11 {[%mdl 4096] Endgame KRB-KRN} Ra4 (30... g5 $11) 31. Na7 (31. Ra7 $16 Rc4 32. Ne5 Bxe5 33. dxe5) 31... Rb4 32. Nc8 Bf8 33. Rc7 Rxd4 {[#]} (33... f6 $11 {keeps the balance.}) 34. b7 (34. Na7 $1 $16 Bd6 35. Rc6) 34... Rb4 35. h4 g6 36. Kf3 h5 37. Ke3 (37. Nb6 $11 Rb3+ 38. Ke2 (38. Kg2 Rxb6 39. Rc8+ Kd7 $11) 38... Rb2+ 39. Kd3 Rxb6 40. Rc8+ Kd7 41. b8=Q Rxb8 42. Rxb8) 37... Rb3+ ({Better is} 37... Kd8 $1 $15 38. Rxf7 Bc5+ 39. Kd2 e5) 38. Ke2 {The position is equal.} Rb4 39. Kd3 Rb3+ 40. Kc2 Rb4 41. Kc3 Rb1 42. Kc2 {Accuracy: White = 78%, Black = 66%.} 1/2-1/2

[Event "AUT-ch Open 2020"]
[Site "Graz"]
[Date "2020.02.18"]
[Round "6.27"]
[White "Molnar, Bela"]
[Black "Yankelevich, Lev"]
[Result "*"]
[WhiteElo "2312"]
[BlackElo "2473"]
[Annotator "TA"]
[PlyCount "58"]
[EventDate "2020.02.14"]
[EventType "swiss"]
[EventCountry "AUT"]
[SourceTitle "playchess.com"]
[Source "ChessBase"]
[SourceQuality "1"]

{[%evp 19,58,0,0,-25,-21,-19,-23,-14,-16,-20,7,-121,-133,-146,-155,-123,-123,-208,-156,-172,-153,-584,-370,-385,-85,-458,290,-339,287,-467,299,-356,-185,-350,-177,-167,693,-409,-172,-1053,-197]} 1. e4 e5 2. Nf3 Nc6 3. Bb5 a6 4. Ba4 Nf6 5. O-O Be7 6. Re1 b5 7. Bb3 O-O 8. h3 Bb7 9. c3 d5 10. exd5 Nxd5 11. d4 {C88: Closed Ruy Lopez: Anti-Marshall Systems.} exd4 12. cxd4 Na5 13. Bc2 {Black has an edge.} Nb4 {[#]} 14. Bf5 $146 ({Predecessor:} 14. Be4 Bxe4 15. Rxe4 Nc4 16. Nc3 Bf6 17. Re2 Nc6 18. Be3 Re8 19. Rc1 Qd6 20. Qd3 {½-½ (60) Glavina,L (1759)-Srbis,J (2431) Podturen 2019}) 14... g6 15. a3 (15. Be4 $11) 15... Bxf3 $1 $17 (15... gxf5 $6 16. axb4 Nc4 17. Qb3 $15) 16. Qxf3 {Strongly threatening Be4.} Nbc6 $1 $36 {[%cal Rc6d4][%mdl 2048] Black is in control.} 17. Be4 Nxd4 18. Qc3 (18. Qd1 $17 Rb8 19. Bh6) 18... Nab3 {Threatens to win with ...Bf6.} 19. Be3 Bf6 $1 (19... Nxa1 20. Bxd4 b4 21. Qc4 $15 (21. axb4 $2 Rb8 $19)) 20. Qd3 $2 (20. Bxd4 $17 Nxd4 21. Qd3) 20... Re8 21. Nd2 Rb8 $2 (21... Nxa1 $19 {has better winning chances.} 22. Rxa1 Qd6) 22. Rac1 $2 {[%mdl 8192]} (22. Nxb3 $17 {is more resistant.} Nxb3 {[%mdl 64] Discovered Attack} 23. Qxb3 Rxe4 24. Rac1) 22... Ne6 $4 {[%mdl 8192]} (22... Nxc1 $19 23. Rxc1 Rxe4 $1 {[%mdl 576] Remove Defender} 24. Nxe4 Nf3+ $1 {[%mdl 576] Discovered Attack} 25. gxf3 Qxd3 26. Nxf6+ Kg7) 23. Qc2 $4 {[%mdl 8192]} ({Resist} 23. Nxb3 $6 Bxb2 24. Rc2 Bxa3 $18) (23. Qxb3 $18 {and all is fine. Black must now prevent Bc6.} c5 24. Qc2) 23... c5 $4 {[%mdl 8192]} (23... Nxc1 $19 24. Qxc1 {[#]} c5 $1 {[%mdl 512]}) 24. Bc6 $4 {[%mdl 8192]} (24. Nxb3 $18 c4 25. Nc5) 24... Rf8 $4 {[%mdl 8192]} (24... Ned4 $19 {and life is good for Black.} 25. Bxd4 Rxe1+ 26. Rxe1 Nxd4 27. Qxc5 Rc8) 25. Nf3 $4 {[%mdl 8192]} ({Don't take} 25. Qxb3 c4 $18) (25. Nxb3 $18 Qd6 26. Be4 (26. Nxc5 Qxc6 27. Nxe6 Qxc2 $16)) 25... Qd6 (25... Nxc1 $142 26. Rxc1 Qd6) 26. Be4 $2 (26. Qxb3 c4 27. Qc2 Qxc6 28. Rcd1) 26... c4 (26... Nxc1 $142 27. Rd1 Bd4 28. Nxd4 Nxd4 29. Bxd4 cxd4 30. Qxc1 Rfe8) 27. Rcd1 $19 Qb6 $4 {[%mdl 8192]} (27... Qc7 $19 28. Bd5 Rfe8 29. Bxe6 Rxe6) 28. Qc1 $4 {[%mdl 8192]} (28. Bxb6 $18 {was the only winning move.} Rxb6 29. Bd5) 28... Ned4 (28... Nxc1 $142 29. Bxb6 Rxb6 30. Rxc1 Bxb2 {[%mdl 64] Double Attack}) 29. Ng5 $2 (29. Qb1) 29... Rbd8 $2 {Accuracy: White = 19%, Black = 25%.} (29... Nxc1 30. Rxc1 Rfe8) *

[Event "AUT-ch Open 2020"]
[Site "Graz"]
[Date "2020.02.18"]
[Round "6.27"]
[White "Molnar, Bela"]
[Black "Yankelevich, Lev"]
[Result "0-1"]
[WhiteElo "2312"]
[BlackElo "2473"]
[Annotator "TA"]
[PlyCount "86"]
[EventDate "2020.02.14"]
[EventType "swiss"]
[EventCountry "AUT"]
[SourceTitle "playchess.com"]
[Source "ChessBase"]
[SourceQuality "1"]

{[%evp 19,86,-6,0,-11,-10,-19,-11,-23,-15,-41,2,-133,-131,-137,-135,-119,-133,-212,-151,-162,-151,-161,-160,-152,-152,-184,-186,-186,-181,-170,-175,-266,-166,-217,-197,-191,-195,-196,-170,-224,-166,-272,-269,-321,-320,-308,-181,-164,-175,-180,-179,-169,-172,-369,-320,-363,-288,-381,-365,-308,-286,-310,-275,-289,-264,-542,-533,-580,-573]} 1. e4 e5 2. Nf3 Nc6 3. Bb5 a6 4. Ba4 Nf6 5. O-O Be7 6. Re1 b5 7. Bb3 O-O 8. h3 Bb7 9. c3 d5 10. exd5 Nxd5 11. d4 {C88: Closed Ruy Lopez: Anti-Marshall Systems.} exd4 12. cxd4 Na5 13. Bc2 {The position is equal.} Nb4 {[#]} 14. Bf5 $146 ({Predecessor:} 14. Be4 Bxe4 15. Rxe4 Nc4 16. Nc3 Bf6 17. Re2 Nc6 18. Be3 Re8 19. Rc1 Qd6 20. Qd3 {½-½ (60) Glavina,L (1759)-Srbis,J (2431) Podturen 2019}) 14... g6 15. a3 {[#]} (15. Be4 $11) 15... Bxf3 $1 $17 ({Don't play} 15... gxf5 $6 16. axb4 Nc4 17. Qb3 $11) 16. Qxf3 {[#] And now Be4 would win.} Nbc6 $1 $36 {[%cal Rc6d4][%mdl 2048] Black is in control.} 17. Be4 Nxd4 18. Qc3 (18. Qd1 $17 Rb8 19. Bh6) 18... Nab3 {...Bf6 is the strong threat.} 19. Be3 Bf6 20. Bxd4 Nxd4 21. Qd3 Re8 22. Nd2 Rb8 23. Rac1 Ne6 24. Qc2 c5 25. Bc6 (25. Nf3 $142) 25... Rf8 {Hoping for ...Nd4.} 26. Nf3 (26. Ne4 $142) 26... Qd6 27. Be4 c4 28. Rcd1 Qb6 29. Qc1 (29. b3 $142) 29... Nd4 30. Ng5 (30. Nxd4 {was worth a try.} Bxd4 31. Rd2) 30... Rbd8 $19 31. Qe3 Qc5 32. h4 Ne6 (32... h6 $142 33. Nh3 Rfe8) 33. Rxd8 Rxd8 34. Nxe6 Qxe3 35. Rxe3 fxe6 {[%mdl 4096] Endgame KRB-KRB} 36. h5 $2 (36. Re2) 36... Bxb2 37. hxg6 hxg6 38. Bxg6 Rd1+ 39. Kh2 e5 40. Be4 Rd2 41. Rg3+ Kf7 {aiming for ...c3.} 42. Rf3+ $2 (42. Rg6 {was the only defense.}) 42... Ke7 43. g4 c3 {Accuracy: White = 43%, Black = 77%.} 0-1

[Event "AUT-ch Open 2020"]
[Site "Graz"]
[Date "2020.02.18"]
[Round "6.28"]
[White "Milikow, Yoav"]
[Black "Horvath, Dominik"]
[Result "0-1"]
[WhiteElo "2296"]
[BlackElo "2450"]
[Annotator "TA"]
[PlyCount "36"]
[EventDate "2020.02.14"]
[EventType "swiss"]
[EventCountry "AUT"]
[SourceTitle "playchess.com"]
[Source "ChessBase"]
[SourceQuality "1"]

{[%evp 13,80,52,52,47,60,69,66,53,66,58,47,43,23,27,37,28,41,22,28,0,102,0,80,77,100,107,85,21,63,21,85,72,83,73,92,88,93,91,103,31,42,39,48,-42,-32,-56,-62,-440,-439,-984,-915,-1366,-1334,-29987,-29986,-29985,-29986,-29986,-29987,-29987,-29988,-29988,-29989,-29989,-29990,-29990,-29988,-29995,-29996]} 1. d4 Nf6 2. c4 g6 3. Nc3 Bg7 4. e4 d6 5. Be2 O-O 6. Be3 e5 7. d5 Na6 8. g4 {E73: King's Indian: Averbakh Variation without 6...c5.} Nc5 9. f3 $1 h5 10. g5 $1 {And now b4 would win.White is slightly better.} Nh7 11. h4 f6 12. Qd2 fxg5 13. hxg5 Rf4 14. b4 Na6 15. Rb1 {[#]} Qxg5 $146 ({Predecessor:} 15... Nxg5 16. c5 Nb8 17. c6 a6 18. a4 Nf7 19. Bxf4 exf4 20. b5 axb5 21. axb5 Ra3 {0-1 (59) Sakaev,K (2596)-Shimanov,A (2587) Khanty-Mansiysk 2019}) 16. Kf1 Bh6 (16... Qf6 $11) 17. Nd1 (17. Bxf4 $16 Qxf4 18. Qxf4 Bxf4 19. c5) 17... Nf6 (17... Qf6 $11) 18. Nf2 $16 {[%mdl 1024] White has strong compensation.} Nh7 {Played: Qg5-g3} 0-1